[Event "ESP-ch Seniora 50"]
[Site "Altea"]
[Date "2022.11.04"]
[Round "7"]
[White "Cano Gimenez, Vicente"]
[Black "Nunez Reiz, Antonio"]
[Result "1/2-1/2"]
[WhiteElo "2221"]
[BlackElo "2008"]
[PlyCount "175"]
[EventDate "2022.10.29"]
[EventType "swiss"]
[EventRounds "9"]
[EventCountry "ESP"]
[SourceTitle "EXT 2024"]
[Source "ChessBase"]
[SourceDate "2023.10.10"]
[SourceVersion "1"]
[SourceVersionDate "2023.10.10"]
[SourceQuality "1"]
[WhiteTeam "Spain"]
[BlackTeam "Spain"]
[WhiteTeamCountry "ESP"]
[BlackTeamCountry "ESP"]

1. c4 Nf6 2. g3 g6 3. Bg2 c6 4. Nf3 Bg7 5. 0-0 0-0 6. d4 d5 7. cxd5 cxd5 8. Nc3 Ne4 9. e3 Bg4 10. Qb3 Nxc3 11. bxc3 Qd7 12. Ne5 Bxe5 13. dxe5 Be2 14. Bxd5 Nc6 15. e6 Qd8 16. exf7+ Kg7 17. c4 Bxf1 18. Bb2+ e5 19. Rxf1 Qb6 20. Qc3 Qb4 21. Qc1 Rxf7 22. Bxf7 Kxf7 23. f4 Kg8 24. fxe5 Re8 25. Bd4 Nxe5 26. Qb1 Qe7 27. Qe4 Nc6 28. Qxe7 Rxe7 29. Kf2 a6 30. Rd1 Kf7 31. Ke2 Ke6 32. Rf1 Ne5 33. Bxe5 Kxe5 34. Rd1 Rc7 35. Rd4 b5 36. Kd3 Rc5 37. cxb5 Rxb5 38. Ra4 Rd5+ 39. Ke2 a5 40. Kf3 h5 41. h3 Rc5 42. g4 h4 43. g5 Kf5 44. Rxh4 Kxg5 45. Rf4 Re5 46. h4+ Kh5 47. Rd4 Rc5 48. a4 g5 49. hxg5 Kxg5 50. Ke4 Kf6 51. Rd6+ Ke7 52. Rd5 Rc4+ 53. Rd4 Rc5 54. Kd3 Ke6 55. Rh4 Rg5 56. Kd4 Rd5+ 57. Kc4 Re5 58. Rh6+ Kd7 59. Kd4 Rg5 60. e4 Kc7 61. Rf6 Rg1 62. Rf3 Ra1 63. Rc3+ Kd6 64. e5+ Ke6 65. Rc6+ Kd7 66. Ra6 Rxa4+ 67. Kd5 Ra1 68. Ra7+ Kd8 69. Kd6 Rd1+ 70. Ke6 Ra1 71. Rd7+ Ke8 72. Rh7 Kd8 73. Rh8+ Kc7 74. Ke7 Re1 75. e6 Kb6 76. Ra8 Kb5 77. Kd7 a4 78. e7 Kb4 79. Ra6 a3 80. Rb6+ Kc3 81. Re6 Rxe6 82. Kxe6 a2 83. e8Q Kc2 84. Qg6+ Kb2 85. Qf6+ Kb1 86. Qf5+ Kb2 87. Qb5+ Ka1 88. Qb3 1/2-1/2

[Event "ESP-ch Seniora 50"]
[Site "Altea"]
[Date "2022.11.02"]
[Round "5"]
[White "Nunez Reiz, Antonio"]
[Black "Iruzubieta Villaluenga, Jesus Maria"]
[Result "1-0"]
[WhiteElo "2008"]
[BlackElo "2432"]
[PlyCount "63"]
[EventDate "2022.10.29"]
[EventType "swiss"]
[EventRounds "9"]
[EventCountry "ESP"]
[SourceTitle "EXT 2024"]
[Source "ChessBase"]
[SourceDate "2023.10.10"]
[SourceVersion "1"]
[SourceVersionDate "2023.10.10"]
[SourceQuality "1"]
[WhiteTeam "Spain"]
[BlackTeam "Spain"]
[WhiteTeamCountry "ESP"]
[BlackTeamCountry "ESP"]

1. Nf3 d5 2. d4 Nf6 3. c4 c6 4. g3 dxc4 5. Bg2 g6 6. Ne5 Be6 7. Na3 Bd5 8. f3 b5 9. e4 Be6 10. 0-0 Bg7 11. Be3 0-0 12. f4 Qc8 13. b3 cxb3 14. axb3 Bh3 15. Qf3 Bxg2 16. Kxg2 Qe6 17. Bf2 Nbd7 18. Rac1 Rac8 19. Nxc6 Rxc6 20. d5 Rxc1 21. dxe6 Rcc8 22. exd7 Nxd7 23. Nxb5 a6 24. Nd4 e5 25. Ne2 Rfe8 26. Rc1 Rcd8 27. Rc7 exf4 28. gxf4 Nf6 29. e5 Nd5 30. Ra7 f6 31. Bd4 g5 32. fxg5 1-0

[Event "Madrid-ch sf-A"]
[Site "Madrid"]
[Date "2016.03.30"]
[Round "9"]
[White "Perez Ordonez, Jose Ramon"]
[Black "Nunez Reiz, Antonio"]
[Result "1/2-1/2"]
[WhiteElo "1966"]
[BlackElo "2083"]
[PlyCount "133"]
[EventDate "2016.03.07"]
[EventType "swiss"]
[EventRounds "9"]
[EventCountry "ESP"]
[SourceTitle "EXT 2017"]
[Source "ChessBase"]
[SourceDate "2016.10.25"]
[SourceVersion "1"]
[SourceVersionDate "2016.10.25"]
[SourceQuality "1"]

1. b3 Nf6 2. Bb2 g6 3. Bxf6 exf6 4. c4 d5 5. cxd5 Qxd5 6. Nc3 Qa5 7. g3 Bg7 8. Bg2 c6 9. e3 Nd7 10. Nge2 0-0 11. 0-0 f5 12. Qc2 Nf6 13. d4 Re8 14. a3 Be6 15. Nf4 Rac8 16. Nd3 Nd5 17. b4 Qd8 18. Rfc1 Nxc3 19. Qxc3 Bd5 20. Bxd5 Qxd5 21. Qc4 Qf3 22. Ne1 Qe4 23. Qc2 g5 24. Qxe4 fxe4 25. Rc5 h6 26. Rac1 Rcd8 27. g4 Bf8 28. Rf5 Kg7 29. Nc2 Kg6 30. f3 h5 31. Rf1 f6 32. f4 Bh6 33. fxg5 Bxg5 34. h4 Bxh4 35. Rxh5 Bg5 36. Kg2 b6 37. Rh3 Rd5 38. Rb1 Rf8 39. Rf1 c5 40. bxc5 bxc5 41. Rb1 Rc8 42. Rb2 cxd4 43. Nxd4 Bxe3 44. Nf5 Bc5 45. Rc2 Re8 46. Rh5 Ree5 47. a4 e3 48. Re2 Bb6 49. Ne7+ Rxe7 50. Rxd5 Re4 51. a5 Rxg4+ 52. Kf3 Rd4 53. Rb5 Bc7 54. Rc2 Bf4 55. Rb7 Rd2 56. Rxd2 exd2 57. Rd7 Bc7 58. a6 Ba5 59. Ke2 Bb6 60. Kxd2 Kf5 61. Ke2 Ke6 62. Rd1 Ke5 63. Kf3 Bd4 64. Kg4 f5+ 65. Kf3 f4 66. Rd3 Be3 67. Rxe3+ 1/2-1/2

[Event "Benidorm op U2300 13th"]
[Site "Benidorm"]
[Date "2014.12.07"]
[Round "10"]
[White "Prieto Martin, Alfonso"]
[Black "Nunez Reiz, Antonio"]
[Result "1-0"]
[WhiteElo "2182"]
[BlackElo "2094"]
[PlyCount "43"]
[EventDate "2014.11.28"]
[EventType "swiss"]
[EventRounds "10"]
[EventCountry "ESP"]
[SourceTitle "CBM 163 Extra"]
[Source "ChessBase"]
[SourceDate "2014.12.23"]
[SourceVersion "1"]
[SourceVersionDate "2014.12.23"]
[SourceQuality "1"]

1. e4 d5 2. exd5 Qxd5 3. Nf3 Nf6 4. d4 Bg4 5. Be2 Nc6 6. c4 Qd6 7. d5 Ne5 8. c5 Qxc5 9. Nxe5 Bxe2 10. Kxe2 0-0-0 11. Nc3 Nxd5 12. Nxd5 Rxd5 13. Nd3 Qc4 14. f3 e6 15. Qb3 Qa6 16. Be3 Be7 17. Rhd1 Rhd8 18. Rac1 Bf6 19. Qc4 Qd6 20. Nf2 Bxb2 21. Bf4 e5 22. Rxd5 1-0

[Event "Benidorm op U2300 13th"]
[Site "Benidorm"]
[Date "2014.11.29"]
[Round "2"]
[White "Serna Lara, Sergio"]
[Black "Nunez Reiz, Antonio"]
[Result "1/2-1/2"]
[WhiteElo "2230"]
[BlackElo "2094"]
[PlyCount "54"]
[EventDate "2014.11.28"]
[EventType "swiss"]
[EventRounds "10"]
[EventCountry "ESP"]
[SourceTitle "CBM 163 Extra"]
[Source "ChessBase"]
[SourceDate "2014.12.23"]
[SourceVersion "1"]
[SourceVersionDate "2014.12.23"]
[SourceQuality "1"]

1. d4 Nf6 2. c4 e6 3. Nf3 b6 4. e3 Bb4+ 5. Nbd2 0-0 6. Bd3 d5 7. 0-0 Bb7 8. a3 Bd6 9. b4 c5 10. bxc5 bxc5 11. cxd5 cxd4 12. e4 e5 13. Nc4 Re8 14. Bg5 Ba6 15. Qa4 Bxc4 16. Bxf6 gxf6 17. Bxc4 f5 18. exf5 Nd7 19. Bb5 Nc5 20. Qd1 Qf6 21. Bxe8 Rxe8 22. Nd2 e4 23. Qg4+ Kh8 24. Nc4 Rg8 25. Qh3 Bf4 26. Rac1 Qa6 27. Nb2 Qb7 1/2-1/2

[Event "Benidorm op U2300 12th"]
[Site "Benidorm"]
[Date "2013.12.04"]
[Round "7"]
[White "Nava Pereda, Carlos"]
[Black "Nunez Reiz, Antonio"]
[Result "1-0"]
[WhiteElo "2273"]
[BlackElo "2119"]
[PlyCount "131"]
[EventDate "2013.11.29"]
[EventType "swiss"]
[EventRounds "10"]
[EventCountry "ESP"]
[SourceTitle "CBM 157 Extra"]
[Source "ChessBase"]
[SourceDate "2013.12.19"]
[SourceVersion "1"]
[SourceVersionDate "2013.12.19"]
[SourceQuality "1"]

1. c4 Nf6 2. Nc3 e6 3. e4 c5 4. e5 Ng8 5. Nf3 d6 6. exd6 Bxd6 7. d4 cxd4 8. Nxd4 a6 9. Be3 e5 10. Nf3 Nf6 11. c5 Bc7 12. Qxd8+ Kxd8 13. Bc4 Ke7 14. Bg5 Be6 15. Nd5+ Bxd5 16. Bxd5 Nc6 17. 0-0-0 h6 18. Bh4 g5 19. Bxc6 bxc6 20. Bg3 Nd7 21. Nd4 Nxc5 22. Nxc6+ Ke6 23. Rhe1 f6 24. b4 Na4 25. Kc2 Rhc8 26. Kb3 Nb6 27. a4 Bd6 28. Nd4+ Kf7 29. Nf5 Bf8 30. f3 Rab8 31. Nd6+ Bxd6 32. Rxd6 Nc4 33. Rd5 Ke6 34. Red1 Ne3 35. Rd6+ Kf5 36. Rg1 a5 37. b5 Rc4 38. Be1 Rc1 39. g4+ Kg6 40. Bf2 Nc4 41. Rxf6+ Kxf6 42. Rxc1 Nd2+ 43. Kb2 Nxf3 44. Ba7 Rb7 45. b6 e4 46. Rc6+ Ke7 47. Rc4 Nd2 48. Rd4 e3 49. Kc2 Kf6 50. Kd3 Re7 51. Ke2 Nf3 52. Rd1 Ne5 53. h3 Ng6 54. Rd6+ Kf7 55. Rxg6 Kxg6 56. Bb8 Re4 57. Bd6 Rxa4 58. b7 Ra2+ 59. Kxe3 Rb2 60. b8Q Rxb8 61. Bxb8 Kf6 62. Bd6 Ke6 63. Bf8 Kd5 64. Bxh6 a4 65. Bxg5 Ke6 66. Ke4 1-0

[Event "Madrid-ch sf-A"]
[Site "Madrid"]
[Date "2012.04.25"]
[Round "9"]
[White "Nunez Reiz, Antonio"]
[Black "Elissalt Cardenas, Hector"]
[Result "1-0"]
[WhiteElo "2061"]
[BlackElo "2366"]
[PlyCount "85"]
[EventDate "2012.04.10"]
[EventType "swiss"]
[EventRounds "9"]
[EventCountry "ESP"]
[SourceTitle "CBM 148 Extra"]
[Source "ChessBase"]
[SourceDate "2012.06.22"]
[SourceVersion "1"]
[SourceVersionDate "2012.06.22"]
[SourceQuality "1"]

1. d4 e6 2. Nf3 f5 3. g3 Nf6 4. Bg2 d5 5. 0-0 Bd6 6. c4 c6 7. b3 Qe7 8. Bb2 0-0 9. Nbd2 b6 10. Ne5 Bb7 11. Ndf3 a5 12. a3 Na6 13. Re1 c5 14. e3 Rfd8 15. Qe2 Qe8 16. Rad1 Nc7 17. Nd2 Rab8 18. a4 Na6 19. Nd3 Ne4 20. Nxe4 dxe4 21. Nc1 Nb4 22. f3 exf3 23. Bxf3 Bxf3 24. Qxf3 Qg6 25. Nd3 cxd4 26. exd4 Nxd3 27. Qxd3 e5 28. c5 bxc5 29. dxe5 Be7 30. Qc4+ Kh8 31. e6 h5 32. Rd7 Re8 33. Ba3 f4 34. Qxf4 Rxb3 35. Rxe7 Rxe7 36. Qf8+ Kh7 37. Qxe7 Rxa3 38. Qxc5 Rxa4 39. Qe3 Rb4 40. e7 Qe8 41. Qd3+ g6 42. Qd8 Rb8 43. Qxb8 1-0

[Event "Madrid-ch sf-A"]
[Site "Madrid"]
[Date "2012.04.23"]
[Round "7"]
[White "Nunez Reiz, Antonio"]
[Black "Martin Duque, Jesus"]
[Result "0-1"]
[WhiteElo "2061"]
[BlackElo "2176"]
[PlyCount "104"]
[EventDate "2012.04.10"]
[EventType "swiss"]
[EventRounds "9"]
[EventCountry "ESP"]
[SourceTitle "CBM 148 Extra"]
[Source "ChessBase"]
[SourceDate "2012.06.22"]
[SourceVersion "1"]
[SourceVersionDate "2012.06.22"]
[SourceQuality "1"]

1. e4 c6 2. d4 d5 3. exd5 cxd5 4. c4 Nf6 5. cxd5 g6 6. Nc3 Bg7 7. Bb5+ Nbd7 8. d6 exd6 9. Qe2+ Qe7 10. Bf4 Qxe2+ 11. Ngxe2 Ke7 12. 0-0 Nb6 13. Rfe1 Be6 14. Bg5 h6 15. Bxf6+ Bxf6 16. Nf4 Bxd4 17. Rxe6+ fxe6 18. Nxg6+ Kf6 19. Nxh8 Bxc3 20. bxc3 Rxh8 21. a4 Rc8 22. a5 Nd5 23. c4 Nc3 24. a6 b6 25. Kf1 Rc5 26. Ra3 Nxb5 27. cxb5 Rxb5 28. Rf3+ Rf5 29. Rc3 Ra5 30. Rf3+ Ke7 31. Rh3 h5 32. g4 hxg4 33. Rh7+ Kf6 34. Rxa7 Ke5 35. Rg7 Rxa6 36. Rxg4 d5 37. Rb4 Kd6 38. h4 Kc5 39. Rb3 Kc4 40. Re3 b5 41. h5 d4 42. Re1 b4 43. h6 b3 44. h7 Ra8 45. Rxe6 b2 46. Rb6 Kc3 47. Rc6+ Kb3 48. Rb6+ Ka2 49. h8Q Rxh8 50. Ra6+ Kb3 51. Rb6+ Kc2 52. Rc6+ Kd2 0-1

[Event "Collado Villalba op-A 26th"]
[Site "Collado Villalba"]
[Date "2009.08.28"]
[Round "8"]
[White "Nunez Reiz, Antonio"]
[Black "Perez Cameselle, Francisco Jose"]
[Result "1-0"]
[WhiteElo "2110"]
[BlackElo "1958"]
[PlyCount "71"]
[EventDate "2009.08.21"]
[EventType "swiss"]
[EventRounds "9"]
[EventCountry "ESP"]
[SourceTitle "CBM 132 Extra"]
[Source "ChessBase"]
[SourceDate "2009.11.03"]
[SourceVersion "1"]
[SourceVersionDate "2009.11.03"]
[SourceQuality "1"]

1. e4 e6 2. d4 d5 3. Nd2 dxe4 4. Nxe4 Nd7 5. Bd3 Ngf6 6. Nf3 c5 7. 0-0 cxd4 8. Nxd4 Nxe4 9. Bxe4 Nf6 10. Bf3 Be7 11. Re1 0-0 12. Bf4 Qb6 13. Nb3 Rd8 14. Qe2 Bd7 15. Bd2 a5 16. Be3 Qc7 17. Nd4 Bc5 18. Rad1 Qb6 19. c3 e5 20. Nb3 Bxe3 21. Qxe3 Qxe3 22. Rxe3 Bc6 23. Rxd8+ Rxd8 24. Rxe5 Bxf3 25. gxf3 Rd1+ 26. Kg2 a4 27. Nd4 a3 28. Ra5 Kf8 29. Rxa3 Ne8 30. Rb3 Nd6 31. Rb6 Ke7 32. a4 Kd7 33. Nb5 Nc4 34. Rxb7+ Ke6 35. Nd4+ Kf6 36. b4 1-0

[Event "Collado Villalba op-A 26th"]
[Site "Collado Villalba"]
[Date "2009.08.26"]
[Round "6"]
[White "Nunez Reiz, Antonio"]
[Black "Gordillo Lopez, Manuel"]
[Result "1/2-1/2"]
[WhiteElo "2110"]
[BlackElo "1988"]
[PlyCount "61"]
[EventDate "2009.08.21"]
[EventType "swiss"]
[EventRounds "9"]
[EventCountry "ESP"]
[SourceTitle "CBM 132 Extra"]
[Source "ChessBase"]
[SourceDate "2009.11.03"]
[SourceVersion "1"]
[SourceVersionDate "2009.11.03"]
[SourceQuality "1"]

1. e4 e6 2. d4 d5 3. Nc3 Bb4 4. e5 c5 5. a3 Bxc3+ 6. bxc3 Qc7 7. Nf3 b6 8. Bb5+ Bd7 9. Bd3 Ba4 10. 0-0 h6 11. c4 Ne7 12. Qe2 cxd4 13. cxd5 Nxd5 14. Nxd4 Nd7 15. c4 Ne7 16. f4 Rd8 17. Nxe6 fxe6 18. Qh5+ Kf8 19. f5 Nxe5 20. f6 Rxd3 21. fxe7+ Kxe7 22. Bb2 g5 23. Bxe5 Qxe5 24. Qf7+ Kd6 25. Qxa7 Bc6 26. Rae1 Qd4+ 27. Kh1 Qg4 28. Rf2 Rf8 29. Qxb6 Rxf2 30. Qd8+ Kc5 31. Qa5+ 1/2-1/2

[Event "Collado Villalba op-A 26th"]
[Site "Collado Villalba"]
[Date "2009.08.25"]
[Round "5"]
[White "Castano, Henry Augusto"]
[Black "Nunez Reiz, Antonio"]
[Result "1-0"]
[WhiteElo "2203"]
[BlackElo "2110"]
[PlyCount "81"]
[EventDate "2009.08.21"]
[EventType "swiss"]
[EventRounds "9"]
[EventCountry "ESP"]
[SourceTitle "CBM 132 Extra"]
[Source "ChessBase"]
[SourceDate "2009.11.03"]
[SourceVersion "1"]
[SourceVersionDate "2009.11.03"]
[SourceQuality "1"]

1. e4 c5 2. Nf3 d6 3. Bb5+ Nc6 4. Bxc6+ bxc6 5. 0-0 e5 6. c3 Nf6 7. Re1 Be7 8. d4 Qc7 9. Nbd2 0-0 10. dxe5 dxe5 11. Nc4 Nd7 12. Qa4 Rb8 13. Qa3 f6 14. Be3 Rb5 15. Ncd2 Nb6 16. b3 Be6 17. Qc1 Nd7 18. c4 Rb7 19. Nb1 Rfb8 20. Nc3 Bf7 21. Na4 Qd8 22. Qc3 Qf8 23. Rf1 Bd6 24. Ne1 Nb6 25. Nb2 f5 26. exf5 Bh5 27. f3 Qxf5 28. g4 Bxg4 29. fxg4 Qxg4+ 30. Ng2 Nd7 31. Rad1 Be7 32. Nd3 Bf6 33. Nxc5 Nxc5 34. Bxc5 e4 35. Qg3 Qh5 36. Be3 Rd8 37. Rxd8+ Bxd8 38. Qf4 Qe8 39. Bc5 Bf6 40. Re1 Rd7 41. Qxe4 1-0

[Event "Collado Villalba op-A 26th"]
[Site "Collado Villalba"]
[Date "2009.08.22"]
[Round "2"]
[White "Sanchez Gonzalez, Sergio"]
[Black "Nunez Reiz, Antonio"]
[Result "1/2-1/2"]
[WhiteElo "2305"]
[BlackElo "2110"]
[PlyCount "139"]
[EventDate "2009.08.21"]
[EventType "swiss"]
[EventRounds "9"]
[EventCountry "ESP"]
[SourceTitle "CBM 132 Extra"]
[Source "ChessBase"]
[SourceDate "2009.11.03"]
[SourceVersion "1"]
[SourceVersionDate "2009.11.03"]
[SourceQuality "1"]

1. c4 Nc6 2. Nc3 Nf6 3. d4 e5 4. d5 Ne7 5. e4 Ng6 6. g3 Bb4 7. Bg2 Bxc3+ 8. bxc3 d6 9. Ne2 0-0 10. 0-0 Re8 11. Qc2 Qe7 12. a4 a5 13. Ba3 b6 14. Qa2 h5 15. h3 h4 16. Bc1 Nh7 17. g4 Ng5 18. Be3 Ba6 19. Rad1 Rab8 20. Bc1 Qf6 21. f4 exf4 22. Rd4 f3 23. Bxg5 Qxg5 24. Rxf3 Ne5 25. Rf1 f5 26. gxf5 Qh5 27. Nc1 g5 28. fxg6 Rf8 29. Rf5 Rxf5 30. exf5 Rf8 31. Qe2 Qxf5 32. Qe3 Qxg6 33. Kh1 Bxc4 34. Rxh4 Bf1 35. Be4 Qf6 36. Bh7+ Kh8 37. Rh6 Qf3+ 38. Qxf3 Rxf3 39. Be4+ Kg7 40. Rh7+ Kg8 41. Bxf3 Kxh7 42. Be4+ Kh6 43. Nb3 Bxh3 44. Nd4 Bd7 45. Kg2 Bxa4 46. Ne6 c6 47. Nd4 cxd5 48. Bxd5 Kg5 49. Kf2 Ng4+ 50. Ke2 Kf4 51. Kd3 Ne5+ 52. Kd2 Nd7 53. c4 Nc5 54. Kc3 Bd7 55. Bg2 Ke3 56. Nc2+ Kf4 57. Nd4 Ba4 58. Bd5 Bd1 59. Nc6 Bf3 60. Ne7 Bg4 61. Bg2 Be6 62. Kd4 a4 63. Kc3 Ke3 64. Kb4 Kd3 65. Bc6 Bxc4 66. Nc8 Bb3 67. Nxb6 Kc2 68. Nc8 Nd3+ 69. Ka3 Ne5 70. Bxa4 1/2-1/2